| 000 | 01009nam a22002657a 4500 | ||
|---|---|---|---|
| 008 | 081201t xxu||||| |||| 00| 0 eng d | ||
| 010 | _aENG-91923 | ||
| 020 |
_a9788172734404 _c550.00 |
||
| 035 | _aEN-75456 | ||
| 037 | _bDBAD / PUB | ||
| 040 |
_adpl _bEnglish |
||
| 082 | _a333.7924 | ||
| 100 | _aReddy, G.B. | ||
| 245 |
_aIndia's nuclear technology dilemma: _cby G.B. Reddy _bprojections and realities / |
||
| 260 |
_aDelhi _bAuthorspress _c2008 |
||
| 270 |
_aE-35/103, Jawahar Park, Laxmi Nagar, _bDelhi _e110092 |
||
| 300 |
_axii, 200p. _c23cm (Hb) |
||
| 500 | _aIncluses index | ||
| 650 |
_aNuclear energy _zIndia |
||
| 650 |
_aNuclear energy _zIndia _xInternational cooperation. |
||
| 650 |
_aNuclear security _zIndia |
||
| 650 |
_aNuclear Industry _zIndia |
||
| 942 |
_2ddc _cEN _mRED _h333.7924 |
||
| 999 |
_c19315 _d19315 |
||